Logo BPK

Biblioteka

Politechniki Koszalińskiej

Stochastic networks : (Rekord nr 31385)

Szczegóły MARC
000 -ETYKIETA REKORDU
podpole kontrolne o stałej długości 00846nam a2200265 i 4500
001 - NUMER KONTROLNY REKORDU
pole kontrolne bg
020 ## - MIĘDZYNARODOWY ZNORMALIZOWANY NUMER KSIĄŻKI - ISBN
ISBN 0198523998
040 ## - ŹRÓDŁO KATALOGOWANIA
Instytucja, która utworzyła rekord BPK
041 0# - KOD JĘZYKA
Kod języka tekstu en
080 ## - UNIWERSALNA KLASYFIKACJA DZIESIĘTNA - UKD
UKD 519.2:519.8
920 ## - Międzynarodowy znormalizowany numer książki – ISBN
ISBN 0-19-852399-8
008 - POLE O STAŁEJ DŁUGOŚCI - DANE KONTROLNE
podpole kontrolne o stałej długości s pl f |000 0 pol
245 70 - TYTUŁ/ODPOWIEDZIALNOŚĆ
Tytuł Stochastic networks :
Ciąg dalszy tytułu theory and applications /
Pozostałe elementy strefy tytułu i oznaczenia odpowiedzialności ed. by F.
Oznaczenie części/sekcji dzieła P. Kelly, S. Zachary, I. Ziedins.
260 ## - STREFA ADRESU WYDAWNICZEGO
Miejsce wydania Oxford :
Nazwa wydawcy/dystrybutora Clarendon Press,
Data publikacji, dystrybucji/powstania dokumentu 1996.
300 ## - STREFA OPISU FIZYCZNEGO
Objętość XII, 366 s. :
Inne cechy fizyczne rys., wykr. ;
Rozmiary 24 cm.
490 1# - STREFA SERII I DOKUMENTU WIELOCZĘŚCIOWEGO - FORMA NIE DO WYSZUKIWANIA
Tytuł i oznaczenie odpowiedzialności serii Royal Statistical Society Lecture Note Series ;
Numeracja w obrębie serii 4
504 ## - UWAGA DOTYCZĄCA BIBLIOGRAFII
Informacje o bibliografii Bibliogr. po rozdz.
650 #9 - HASŁO PRZEDMIOTOWE W FORMIE NAZWY OGÓLNEJ LUB JEDNOSTKOWEJ
Nazwa ogólna lub geograficzna Układy stochastyczne
Określnik ogólny teoria
650 #9 - HASŁO PRZEDMIOTOWE W FORMIE NAZWY OGÓLNEJ LUB JEDNOSTKOWEJ
Nazwa ogólna lub geograficzna Układy stochastyczne
Określnik ogólny stosowanie
700 1# - HASŁO DODATKOWE - NAZWA OSOBOWA
Nazwa osobowa KELLY, F. P.
Określenie związku między hasłem a opisywanym materiałem Red.
700 1# - HASŁO DODATKOWE - NAZWA OSOBOWA
Nazwa osobowa ZACHARY, S.
Określenie związku między hasłem a opisywanym materiałem Red.
700 1# - HASŁO DODATKOWE - NAZWA OSOBOWA
Nazwa osobowa ZIEDINS, I.
Określenie związku między hasłem a opisywanym materiałem Red.
830 ## - HASŁO DODATKOWE SERII LUB DOKUMENTU WIELOCZĘŚCIOWEGO - TYTUŁ UJEDNOLICONY
Tytuł ujednolicony Royal Statistical Society Lecture Note Series ;
856 ## - LOKALIZACJA I DOSTĘP DO ELEKTRONICZNYCH DOKUMENTÓW ZDALNYCH
Link (URL) http://koha.tu.koszalin.pl/cgi-bin/koha/opac-detail.pl?biblionumber=31385
Tekst linku Katalog online BPK
942 ## - DODATKOWE ELEMENTY (KOHA)
Typ dokumentu Książka
Egzemplarze
Wycofany Status egzemplarza Uszkodzony Dostępność Lokalizacja stała Lokalizacja bieżąca Miejsce przechowywania Sygnatura Kod kreskowy Typ dokumentu
      Dostępny Biblioteka Politechniki Koszalińskiej Biblioteka Politechniki Koszalińskiej Wypożyczalnia BG 38721 01218855 Książka
© 2023 Biblioteka Politechniki Koszalińskiej :: KOHA